000 01077nam a2200277Ia 4500
999 _c5697
_d5697
003 OSt
005 20200516003800.0
008 191128s1959 ck fr 000 0 spa d
020 _a9681601939
040 _aCO-JMCR
_cCO-JMCR
041 1 _aspa
_heng
082 0 4 _a330 /
_bD632i
_223
100 1 _aDobb, Maurice,
_eautor
_92560
245 1 0 _aIntroducción a la economía /
_cMaurice Dobb ; traducción de Antonio Castro Leal
250 _aPrimera edición
260 _aMéxico :
_bFondo de Cultura Económica,
_c1959
300 _a90 páginas ;
_c17 cm.
490 0 _aColección popular ;
_v2
505 0 _aEl nacimiento de la economía política -- La teoría del valor -- Ricardo y la renta de la tierra -- Después de Ricardo -- Marx y la plusvalía -- La nueva economía -- El costo real subjetivo -- Equilibrio general y parcial
534 _pIntroduction to economics
546 _aTraducido del inglés
650 1 4 _aEconomía política
_91838
650 1 4 _aTeoría económica
_91066
700 1 _aCastro Leal, Antonio,
_etraductor
_94470
942 _2ddc
_cBK